00361pab a2200133 454500008004000000100002100040245003800061260000900099300001300108362001200121650004300133650002800176773002300204180718b2002 xxu||||| |||| 00| 0 eng d aRoy, Meena Singh aIndia - Kazakhstan: emerging ties c2002 ap.48-64. aJan-Mar aIndia - Foreign relations - Kazakhstan aInternational relations aStrategic Analysis